[Event "42. Open Villa de Benasque 2023"]
[Site "Benasque ESP"]
[Date "2023.07.12"]
[Round "8.10"]
[White "Gopal, G.N.."]
[Black "Nie, Xinyang"]
[Result "1-0"]
[WhiteElo "2571"]
[BlackElo "2288"]
[PlyCount "101"]
[EventDate "2023.07.05"]
[EventType "swiss"]
[EventRounds "10"]
[EventCountry "ESP"]
[SourceTitle "AjedrezenMadrid"]
[Source "lmi"]
[SourceDate "2023.07.05"]
[SourceVersion "1"]
[SourceVersionDate "2023.07.12"]
[SourceQuality "1"]

1. e4 e6 2. d4 d5 3. Nc3 dxe4 4. Nxe4 Nd7 5. Nf3 Ngf6 6. Nxf6+ Nxf6 7. g3 b6 8.
Bg2 Bb7 9. O-O Be7 10. Qe2 O-O 11. Rd1 Qc8 12. c4 Be4 13. Ne5 Bxg2 14. Kxg2
Qb7+ 15. Qf3 Qxf3+ 16. Kxf3 Bd6 17. Bf4 c5 18. dxc5 Bxc5 19. Rd3 Rfc8 20. b3
Ne8 21. Rd7 f6 22. Nd3 Bf8 23. a4 Rd8 24. Rxd8 Rxd8 25. Ke2 e5 26. Be3 Rb8 27.
a5 bxa5 28. Nc1 Bb4 29. Bxa7 Rb7 30. Be3 Nc7 31. Kd1 Ne6 32. Kc2 e4 33. Na2 Kf7
34. Nxb4 axb4 35. Ra5 Ke7 36. h4 Nd8 37. Rh5 Nc6 38. Rxh7 Kf7 39. Rh8 Ne5 40.
Rd8 Kg6 41. Rd5 Kf5 42. Rb5 Rd7 43. Rxb4 Kg4 44. Rb5 Nd3 45. Kc3 Kf3 46. Rf5+
Ke2 47. c5 Ne5 48. Rxe5 fxe5 49. Kc4 Rf7 50. c6 g6 51. Kd5 1-0